| 000 | 00555nam a2200205 a 4500 | ||
|---|---|---|---|
| 005 | 20210219153305.0 | ||
| 008 | 991125n 000 0 u | ||
| 035 | _aUPN01000088802 | ||
| 100 | 1 | _aAlexander, Francie | |
| 222 | _aEDUCATIONAL LEADERSHIP | ||
| 245 | _aNational standards : a new conventional wisdom | ||
| 300 | _a9-10 | ||
| 362 | 0 | _a1992 Vol. 50, no. 5 | |
| 653 | 0 | _aESTUDIANTES | |
| 653 | 0 | _aNORMAS ACADEMICAS | |
| 653 | 0 | _aREESTRUCTURACION ESCOLAR | |
| 653 | 0 | _aRENDIMIENTO ACADEMICO | |
| 904 |
_aAC _b026613 |
||
| 905 | _aArticulo | ||
| 999 |
_c73200 _d73200 |
||